ბათუმის შოთა რუსთაველის სახელმწიფო უნივერსიტეტის ბიბლიოთეკა

Le point. №2139.2013. 12 Septembre (ბიბ.ჩანაწერი № 41193)

000 -LEADER
fixed length control field 00440nam a2200181Ia 4500
001 - CONTROL NUMBER
control field 7845
003 - CONTROL NUMBER IDENTIFIER
control field GE_BSU
008 - FIXED-LENGTH DATA ELEMENTS--GENERAL INFORMATION
fixed length control field 181216s||||||||xx |||||||||||||| ||und||
040 ## - CATALOGING SOURCE
Transcribing agency GE_BSU
245 ## - TITLE STATEMENT
Title Le point. №2139.2013. 12 Septembre
245 ## - TITLE STATEMENT
Remainder of title PeutLes Persecutes Comment resister
245 ## - TITLE STATEMENT
Statement of responsibility, etc. Leditorial de Franz-Olivier Giesbert
260 ## - PUBLICATION, DISTRIBUTION, ETC.
Place of publication, distribution, etc. PARIS.
260 ## - PUBLICATION, DISTRIBUTION, ETC.
Date of publication, distribution, etc. 2013
300 ## - PHYSICAL DESCRIPTION
Extent 98pg;26sm.
653 ## - INDEX TERM--UNCONTROLLED
Uncontrolled term Le point
942 ## - ADDED ENTRY ELEMENTS (KOHA)
Koha item type პერიოდიკა
ეგზემპლარები
Withdrawn status Lost status Damaged status Not for loan Date acquired Barcode Date last seen Price effective from Koha item type
        2018-12-17 p75825 2018-12-17 2018-12-17 პერიოდიკა